LEADER 01137nam a2200229 i 4500 001 000000060922 003 CaOOAMICUS 005 20251028121033.0 008 140627s1968 xx u000 u ger u 040 $aSeMil$bita 100 1 $aNeuser, Wilhelm H.$0(OLS)http://semarc/name/30963 245 14$aDie Abendmahlslehre Melanchthons in ihrer geschichtlichen Entwicklung (1519-1530) /$cvon Wilhelm H. Neuser. 260 $aNeukirchen-Vluyn :$bNeukirchener,$c1968. 300 $a478 p. ;$c22 cm. 490 0 $aBeiträge zur Geschichte und Lehre der Reformierten Kirche ;$v26 650 04$aMelantone, Filippo <1497-1560> - Eucaristia.$0(OLS)http://semarc/subject/58809 830 0$aBeiträge zur Geschichte und Lehre der Reformierten Kirche ;$v26.$0(OLS)http://semarc/title/37551 850 $aSeMil 852 $aSeMil$W1$xVenegono$y1$m2K V 93$j27075$B27075$CSeMilBibl$Z2$F27078 $81 996 $6245$aDie Abendmahlslehre Melanchthons in ihrer geschichtlichen Entwicklung (1519-1530)$9(OLS)http://semarc/title/95586 996 $6260$aNeukirchen-Vluyn :$bNeukirchener$9(OLS)http://semarc/publisher/29645 LEADER 01251nam a2200277 i 4500 001 000000070120 003 CaOOAMICUS 005 20040518000000.0 008 040518s1967 it u000 u ita u 013 $a41292 040 $aSeMil$bita 100 1 $aPicasso, Pablo <1881-1973>.$0(OLS)http://semarc/name/34947 245 10$aPicasso e il Cubismo /$cdi Alberto Martini. 260 $aMilano :$bFratelli Fabbri Editori,$ccopyr. 1967. 300 $a100 p. :$briccamente ill. ;$c31 cm. 490 0 $aMensili d'arte : [scuole, movimenti, personalitā della pittura moderna] ;$v15 500 $aContiene : Bibliografia. 600 14$aPicasso, Pablo <1881-1973>.$0(OLS)http://semarc/subject/2764 650 4$aCubismo.$0(OLS)http://semarc/subject/10899 700 1 $aMartini, Alberto,$d<1876-1954>.$0(OLS)http://semarc/name/7777 830 0$aMensili d'arte : [scuole, movimenti, personalitā della pittura moderna] ;$v15.$0(OLS)http://semarc/title/590 850 $aSeMil 852 $aSeMil$W1$xVenegono$y1$m5J VI 15$j36273$B36273$CSeMilBibl$Z2$F36276 $81 961 $aOmaggio: Donazione 996 $6245$aPicasso e il Cubismo$9(OLS)http://semarc/title/112478 996 $6260$aMilano :$bFratelli Fabbri Editori$9(OLS)http://semarc/publisher/29845